|
|
|
|
| LEADER |
01618cam a2200385 a 4500 |
| 001 |
c000398828 |
| 003 |
CARM |
| 005 |
20150220153353.0 |
| 008 |
150220s1994 vra 000 0 eng d |
| 019 |
1 |
|
|a 11720625
|5 LACONCORD2021
|
| 020 |
|
|
|a 0730618919
|
| 035 |
|
|
|a (OCoLC)221799715
|5 LACONCORD2021
|
| 040 |
|
|
|a ACAD
|b eng
|c ACAD
|
| 042 |
|
|
|a anuc
|
| 043 |
|
|
|a u-at-vi
|
| 082 |
0 |
4 |
|a 362.290710945
|2 21
|
| 245 |
0 |
0 |
|a Drug education in Victorian schools :
|b policies and practices in curriculum and welfare : summary report /
|c Graeme Hawthorne ... [et al.].
|
| 260 |
|
|
|a Melbourne, Vic. :
|b The Directorate of School Education, Victoria,
|c 1994.
|
| 300 |
|
|
|a 27 p. ;
|c 30 cm.
|
| 500 |
|
|
|a "National Health and Medical Research Council, National Centre for Health Program Evaluation for the Directorate of School Education, Victoria" - t.p.
|
| 650 |
|
0 |
|a Drug abuse
|x Study and teaching
|z Victoria.
|
| 700 |
1 |
|
|a Hawthorne, Graeme.
|
| 700 |
1 |
|
|a Garrard, Jan.
|
| 700 |
1 |
|
|a Dunt, David.
|
| 700 |
1 |
|
|a Brass, Kate.
|
| 700 |
1 |
|
|a Loftus-Hill, Alison.
|
| 700 |
1 |
|
|a Bardley, Lara.
|
| 710 |
1 |
|
|a Victoria.
|b Directorate of School Education
|
| 710 |
2 |
|
|a National Health and Medical Research Council (Australia)
|
| 710 |
2 |
|
|a National Centre for Health Program Evaluation (Australia)
|
| 852 |
8 |
|
|b CARM
|p 0611967
|f BK
|
| 852 |
8 |
|
|b SCAN
|h A3:AI21C0
|i F09088
|p 0611967
|f BK
|
| 999 |
f |
f |
|i 71516d7f-a27c-522b-8baa-6a6fd77fe0d9
|s 0337db66-b228-587f-ac5e-0927f7b91596
|
| 952 |
f |
f |
|p Can circulate
|a CAVAL
|b CAVAL
|c CAVAL
|d CARM 1 Store
|i book
|m 0611967
|
| 952 |
f |
f |
|a CAVAL
|b CAVAL
|c CAVAL
|d Unmapped Location
|e F09088
|f A3:AI21C0
|h Other scheme
|